Ekonomické systémy a hospodářská politika

Vymedzenie a porovnanie ekonomických systémov v prácach K. Engliša a F.A. Hayeka. Ekonomické systémy a národohospodárska prax (zmiešaná ekonomika). Ekonomická teória a hospodárska politika.

Guardado en:
Detalles Bibliográficos
Autor principal: Hájek, Ladislav
Formato: Capítulo de libro
Lenguaje:checo
Materias:
Etiquetas: Agregar Etiqueta
Sin Etiquetas, Sea el primero en etiquetar este registro!

MARC

LEADER 00000naa a2200000 4500
001 r030730
005 20230921122931.3
041 0 |a cze 
044 |a SK 
245 1 0 |a Ekonomické systémy a hospodářská politika  |c Ladislav Hájek 
520 |a Vymedzenie a porovnanie ekonomických systémov v prácach K. Engliša a F.A. Hayeka. Ekonomické systémy a národohospodárska prax (zmiešaná ekonomika). Ekonomická teória a hospodárska politika. 
610 2 0 |a systémy ekonomické 
610 2 0 |a politika hospodárska 
610 2 0 |a hospodárstvo národné 
610 2 0 |a teórie ekonomické 
610 2 0 |a Engliš, K. 
610 2 0 |a Hayek, F.A. 
100 1 |a Hájek, Ladislav